| 000 | 00655nam a2200241 a 4500 | ||
|---|---|---|---|
| 001 | nice12345678 | ||
| 003 | IN_TiNIC | ||
| 005 | 20260116013101.0 | ||
| 008 | 050524s1995 cama grp 000 0 eng | ||
| 020 |
_a052135X _c2450 |
||
| 082 | 0 | 0 |
_a320.540962 _bGER |
| 100 | _aGershoni, Israel | ||
| 245 | _aRedefining the Egyptian Nation 1930-1945 | ||
| 260 |
_aCambridge _bCambridge University Press _c1995 |
||
| 300 | _a285p | ||
| 500 | _aincludes index and biblioraphy | ||
| 505 | 2 | _aIndex | |
| 650 | _aNationalism-Egypt-History-20th Cent | ||
| 650 | _aEgypt-Politics & Govt.1919-1952 | ||
| 902 | _bSRS | ||
| 942 | _cBK | ||
| 999 |
_c9583 _d9583 |
||